Getting to know the president : intelligence briefings of presidential candidates, 1952-2004 /

Bibliographic Details
Main Author: Helgerson, John L., 1944-
Corporate Author: Center for the Study of Intelligence (U.S.)
Format: Government Document eBook
Language:English
Published: Washington, D.C. : Center for the Study of Intelligence, Central Intelligence Agency, [2012]
Edition:2nd ed.
Subjects:
Online Access:https://purl.fdlp.gov/GPO/gpo31699

MARC

Tag First Indicator Second Indicator Subfields
LEADER 00000cam a2200000 a 4500
001 in00002783095
005 20211120170448.0
006 m o d f
007 cr an|||||||||
008 121128s2012 dcua ob f001 0 eng c
035 |a (OCoLC)ocn819548431 
040 |a GPO  |b eng  |c GPO  |d OCLCA  |d GPO  |d MvI  |d UtOrBLW 
042 |a pcc 
043 |a n-us--- 
049 |a WWW 
074 |a 0856-A-12 (online) 
086 0 |a PREX 3.17:B 76/2012 
100 1 |a Helgerson, John L.,  |d 1944- 
245 1 0 |a Getting to know the president :  |b intelligence briefings of presidential candidates, 1952-2004 /  |c John L. Helgerson. 
246 3 0 |a Intelligence briefings of presidential candidates, 1952-2004. 
250 |a 2nd ed. 
264 1 |a Washington, D.C. :  |b Center for the Study of Intelligence, Central Intelligence Agency,  |c [2012] 
300 |a 1 online resource (xiv, 208 pages) :  |b illustrations 
336 |a text  |b txt  |2 rdacontent 
337 |a computer  |b c  |2 rdamedia 
338 |a online resource  |b cr  |2 rdacarrier 
500 |a Title from title screen (viewed on Nov. 28, 2012). 
500 |a "May 2012." 
504 |a Includes bibliographical references and index. 
500 |a Electronic resource. 
650 0 |a Presidential candidates  |z United States. 
610 1 0 |a United States.  |b Central Intelligence Agency. 
650 0 |a Intelligence service  |z United States. 
710 2 |a Center for the Study of Intelligence (U.S.) 
776 0 8 |i Print audio version:  |a Helgerson, John L., 1944-  |s Getting to know the president. Spoken word  |w (OCoLC)862155217 
856 4 0 |u https://purl.fdlp.gov/GPO/gpo31699  |t 0 
999 |a MARS 
999 f f |s 1c9d964b-bbde-3e49-85ec-5b82c4ddb255  |i 1f2860f4-00cc-3a18-88cb-2218af6447f3  |t 0 
952 f f |a Texas A&M University  |b College Station  |c Electronic Resources  |d Available Online  |t 0  |e PREX 3.17:B 76/2012  |h Superintendent of Documents classification 
998 f f |a PREX 3.17:B 76/2012  |t 0  |l Available Online